000 00663nam a2200205 i 4500
001 56962
003 ES-MaACL
005 20230906163503.0
007 t|
008 031014s1967 sp ||||1| spa d
245 0 0 _aDiez temas sobre la vaca /
_cpor Domingo Carbonero Bravo ... [et al.].
260 _aMadrid :
_bMinisterio de Agricultura,
_c[1967]
300 _a203 p. :
_bil. ;
_c21 cm.
490 1 _aPublicaciones de capacitación agraria
700 1 _aCarbonero Bravo, Domingo.
_935080
740 0 _a10 temas sobre la vaca.
830 0 _aPublicaciones de capacitación agraria
_9186746
852 _aES-MaACL
_jC-32826
_bR.63314
999 _c56962
_d56962